Designing CSS Web pages / (Record no. 395)

MARC details
000 -LEADER
fixed length control field 00540cam a2200193 4500
001 - CONTROL NUMBER
control field 520
005 - DATE AND TIME OF LATEST TRANSACTION
control field 20181127161602.0
008 - FIXED-LENGTH DATA ELEMENTS--GENERAL INFORMATION
fixed length control field 011218s2002 inua 001 0 eng
010 ## - LIBRARY OF CONGRESS CONTROL NUMBER
LC control number 2001099566
020 ## - INTERNATIONAL STANDARD BOOK NUMBER
International Standard Book Number 0735712638
100 1# - MAIN ENTRY--PERSONAL NAME
Personal name Schmitt, Christopher.
245 10 - TITLE STATEMENT
Title Designing CSS Web pages /
Statement of responsibility, etc. Christopher Schmitt.
250 ## - EDITION STATEMENT
Edition statement 1st ed.
260 ## - PUBLICATION, DISTRIBUTION, ETC.
Place of publication, distribution, etc. Indianapolis, Ind. :
Name of publisher, distributor, etc. New Riders,
Date of publication, distribution, etc. 2002.
300 ## - PHYSICAL DESCRIPTION
Extent xxiv, 355 p. :
Other physical details ill. ;
Dimensions 24 cm.
500 ## - GENERAL NOTE
General note Includes index.
650 #0 - SUBJECT ADDED ENTRY--TOPICAL TERM
Topical term or geographic name entry element Cascading style sheets.
Topical term or geographic name entry element Web sites
General subdivision Design.
Holdings
Withdrawn status Lost status Source of classification or shelving scheme Damaged status Not for loan Collection code Home library Current library Shelving location Serial Enumeration / chronology Inventory number Total Checkouts Full call number Barcode Checked out Date last seen Date last checked out Price effective from Koha item type
    Dewey Decimal Classification     Main TEST RTC Library RTC Library Main opac 1080 1 006.7 SCH 30006110 20/05/2026 25/02/2026 25/02/2026 27/11/2018 Main
Royal Thimphu College || All Right Reserved